000 00324nam a2200133Ia 4500
008 191201s2004 xx 000 0 und d
082 _a100
_bAGS
100 _aAGNIHOTRI, Ramsankar
245 0 _aSatyam Ekamev
260 _aN. Delhi
_bSat Sahitya Prakashan
_c2004
300 _a111
650 _aGeneral Books
942 _2ddc
_cBK
999 _c714
_d714